|
|
|
|
| LEADER |
00000nam a22000005a 4500 |
| 001 |
vtls010442943 |
| 003 |
SK-MaSNL |
| 005 |
20260301033229.0 |
| 008 |
240318s1759 gw 000 0 ger |
| 020 |
|
|
|q (viaz.)
|
| 040 |
|
|
|a SNK
|b slo
|c SNK
|e AACR2
|
| 041 |
0 |
|
|a ger
|
| 044 |
|
|
|a gw
|c DE
|
| 100 |
|
|
|a Kulmus, Johann Adam
|d 1689-1745
|4 aut
|9 331934
|
| 245 |
1 |
0 |
|a Anatomische Tabellen, Nebst dazu gehörigen Anmerkungen und Kupfern, Daraus des ganzen menschlichen Körpers Beschaffenheit und Nutzen deutlich zu ersehen, welche den Anfängern der Anatomie zu bequemerer Anleitung
|
| 260 |
|
|
|a Leipzig
|b in der Caspar Fritschischen Handlung
|c 1759
|
| 300 |
|
|
|a [7], 121, [7] s.
|c 21 x 13,5 cm
|
| 520 |
|
|
|a Medirytina autora, linka, iniciálky s ornamentálnym pozadím vo voľnom priestore na 4 riadky, vinety, typografické ozdoby, kustódy, medirytiny
|
| 650 |
0 |
7 |
|a anatómia
|2 snkph
|9 695
|
| 700 |
|
|
|a Fritschischen, Caspar
|4 prt
|9 331935
|
| 700 |
|
|
|a Kulmus, Johann Adam
|4 aui
|9 331936
|
| 710 |
|
|
|a Fritschischen, Caspar
|c Leipzig
|4 prt
|9 331937
|
| 752 |
|
|
|a Nemecko
|d Leipzig
|
| 958 |
|
|
|a ONDV
|
| 999 |
|
|
|c 579743
|d 581673
|
| 952 |
|
|
|a SNK
|b SNK
|y PREZ
|7 0
|p 17A1033866
|o snkIC 139260
|i snk2012/16470
|8 3
|g 170.00
|0 0
|1 0
|4 0
|d 2012-08-16
|l 0
|r 2026-02-23 14:46:50
|w 2026-02-23
|